000 00425nam a2200181Ia 4500
001 2011
005 20260306143811.0
008 260306t2009||||xx |||||||||||||| ||spa||
041 _aESP
082 _a610.28
_bN17
100 _aNait-Ali, Amine
_eAUT
245 0 _aAdvanced biosignal processing
260 _c2009
300 _axvi, 378 páginas :
_c24 cm.
650 _aGEN
654 _aCPS
942 _cLIB
_dJUS
_fJUS
_2ddc
_n
999 _c2011
_d2011